A primer on US housing markets and housing policy (Record no. 109024)
[ view plain ]
| 000 -LEADER | |
|---|---|
| fixed length control field | 01282cam a22002655a 4500 |
| 001 - CONTROL NUMBER | |
| control field | L146043 |
| 008 - FIXED-LENGTH DATA ELEMENTS--GENERAL INFORMATION | |
| fixed length control field | 081204s2003 xxkbd f s 001 0 eng d |
| 020 ## - INTERNATIONAL STANDARD BOOK NUMBER | |
| International Standard Book Number | 9780877667025 |
| 035 ## - SYSTEM CONTROL NUMBER | |
| System control number | (Sirsi) u146043 |
| 041 0# - LANGUAGE CODE | |
| Language code of text/sound track or separate title | eng |
| 050 04 - LIBRARY OF CONGRESS CALL NUMBER | |
| Classification number | 306.3 $2 18 |
| 100 1# - MAIN ENTRY--PERSONAL NAME | |
| Personal name | Green, Richard K. |
| 245 02 - TITLE STATEMENT | |
| Title | A primer on US housing markets and housing policy |
| 260 ## - PUBLICATION, DISTRIBUTION, ETC. | |
| Place of publication, distribution, etc. | Washington DC |
| Name of publisher, distributor, etc. | The Urban Institute Press |
| Date of publication, distribution, etc. | 2003 |
| 300 ## - PHYSICAL DESCRIPTION | |
| Extent | viii, 226p. |
| Other physical details | ill. |
| Dimensions | 23cm. |
| 350 ## - PRICE (NR) (BK AM CF MU VM SE) [OBSOLETE] | |
| Price | 32.61 |
| 505 2# - FORMATTED CONTENTS NOTE | |
| Formatted contents note | The market for housing services -- A brief review of housing policies and programs -- Six questions for the next decade -- Conclusions -- References -- About the authors -- About the series |
| 520 ## - SUMMARY, ETC. | |
| Summary, etc. | Book explores the economics of housing policy for the general reader. Also provides a review of the market for housing services in the US - including an overview of supply and demand, the measuring of prices and quantities and suggestions for sources of data on the markets. Also addresses government housing policy issues and offers useful insight into how US housing markets function. |
| 521 ## - TARGET AUDIENCE NOTE | |
| Target audience note | Advanced |
| 590 ## - LOCAL NOTE (RLIN) | |
| Local note | KA |
| 651 #4 - SUBJECT ADDED ENTRY--GEOGRAPHIC NAME | |
| Geographic name | United States |
| Chronological subdivision | 1959- |
| 690 ## - LOCAL SUBJECT ADDED ENTRY--TOPICAL TERM (OCLC, RLIN) | |
| Topical term or geographic name as entry element | PROPERTY-RESIDENTIAL PROPERTY-RESIDENTIAL PROPERTY MARKET |
| 700 1# - ADDED ENTRY--PERSONAL NAME | |
| Personal name | Malpezzi, Stephen |
| 942 ## - ADDED ENTRY ELEMENTS (KOHA) | |
| Suppress in OPAC | 0 |
| Withdrawn status | Lost status | Source of classification or shelving scheme | Damaged status | Not for loan | Home library | Current library | Shelving location | Date acquired | Cost, normal purchase price | Total Checkouts | Full call number | Barcode | Date last seen | Copy number | Cost, replacement price | Price effective from | Koha item type |
|---|---|---|---|---|---|---|---|---|---|---|---|---|---|---|---|---|---|
| Dewey Decimal Classification | London | London | Books | 08/01/2009 | 32.61 | 306.3 GRE | 30076448 | 06/08/2019 | 1 | 32.61 | 06/08/2019 | Book |